000 00700nam a2200289Ia 4500
005 20260324114646.0
008 008 260324s9999 xx 000 0 eng d
020 _a9781003121077
037 _aEBOOK
040 _aCRL
040 _beng
040 _cCRL
041 _2eng
041 _aeng
084 _qCRL
100 _aJean F. Challacombe
_91151648
245 0 _aMetabolic Pathway Engineering
245 0 _bAnalysis and Applications in the Life Sciences
260 _bTaylor and Francis
260 _c2021
365 _a
365 _b240
856 _uhttp://www.taylorfrancis.com/books/9781003121077
942 _cEBOOK
999 _c1741961
_d1741961